=LDR 00000nam 2200000 4500 =001 INLIS000000000023609 =005 20130612122245 =008 ***********************************Ind** =035 ##$$0010-061300000023609 =041 ##$$a Ind =082 ##$$a 297.3 =090 ##$$a 297.3, Ham n =100 ##$$a Al-Faqih, Muhammad Qari =245 ##$$a Nikmatnya bertaubat sepenuh hati menggapai magfirah ilahi, Penerjemah, Muhammad Ridwan Yahya =260 ##$$a 2005 $b Jakarta =300 ##$$a viii, 127 hlm, 21 cm =650 ##$$a Agama islam =850 ##$$a NBPNMAT